| 000 | 00614nam a2200217 u 4500 | ||
|---|---|---|---|
| 005 | 20250919063953.0 | ||
| 008 | 181002s2016 r 000 0 eng d | ||
| 020 | _a9786079691981 | ||
| 035 | _aUPN01000226961 | ||
| 049 | _aCG | ||
| 050 | 4 |
_aBP189 _bF4.3 |
|
| 100 | 1 |
_aFelpete, Abdul Rauf _942244 |
|
| 245 | 1 | 0 |
_aEnseñanzas sufíes para los tiempos actuales : _bprimer libro de Sohbats / _cAbdul Rauf Felpete. |
| 260 |
_aMéxico : _bNewton, _c2016. |
||
| 300 |
_a159 p. : _bil. |
||
| 650 | 4 |
_aSUFISMO _927089 |
|
| 650 | 2 |
_aExistencialismo _98242 |
|
| 650 | 2 |
_aFe _917798 |
|
| 905 | _aLibro | ||
| 999 |
_c199057 _d199057 |
||